000 00775nam a22001457a 4500
008 140822b xxu||||| |||| 00| 0 eng d
020 _a0406091595
050 _aKD277.7.L39(1890 vol.24)
245 _aThe Law Reports (1890 vol.24) Queen's Bench Division:under superintendence and control of the incorporated council of law reporting for england and wales. Supreme court of judicature cases determined in the queen's bench division and on appeal therefrom in the court of appeal, decisions on crown cases reserved, and decisions of the railway and canal commission. /
_cEdited by: A. P. Stone.
260 _aLondon:
_bButterworth & Co. Ltd,
_c1890.
300 _axviii, 754p.:
_c24cm.
440 _pQueen's Bench Division.
_vvol 24
800 _aStone, A. P.
942 _2lcc
_cBK
999 _c3677
_d11177